Wielcy Polacy wg liter alfabetu - Statystyki

Ogólne statystyki
  • Ten quiz został rozwiązany 1 273 razy
  • Średni wynik to 15 z 24
Statystyki odpowiedzi
Litera Podpowiedź Odpowiedź % Poprawnych
C Jeden z najwybitniejszych pianistów w historii. Jego pomnik podziwiać można w warszawskich Łazienkach. Fryderyk Chopin
96%
M Polski poeta epoki romantyzmu. Twórca epopei narodowej. Adam Mickiewicz
92%
Ł Król Polski, ostatecznie zjednoczył kraj po okresie rozbicia dzielnicowego. Władysław I Łokietek
89%
S Jedyna w historii laureatka dwóch Nagród Nobla w różnych dziedzinach wiedzy. Spoczęła na paryskim Panteonie. Maria Skłodowska-Curie
87%
T Poeta, którego "Lokomotywę", "Rzepkę", czy też "Murzynka Bambo"znają na pamieć wszystkie dzieci. Julian Tuwim
86%
K Polski i amerykański bohater narodowy. Uczestnik insurekcji w 1794r. Tadeusz Kościuszko
86%
W Jedyna polska osobistość z tytułem Biskupa Rzymu. Karol Wojtyła
85%
J Ostatni I sekretarz KC PZPR. Kontrowersyjna postać odpowiedzialna za stan wojenny 1981-83. Wojciech Jaruzelski
84%
Ż Jeden z najbardziej znanych pisarzy Młodej Polski. Autor "Ludzi Bezdomnych" oraz "Przedwiośnia". Stefan Żeromski
79%
N Jeden z najwybitniejszych twórców polskiej muzyki. Śniący o Warszawie. Czesław Niemen
78%
R Polski laureat Nagrody Nobla. Stworzył m.in. postać Macieja Boryny. Władysław Reymont
75%
L Najbardziej znany polski pisarz science-fiction. Autor m.in. "Solaris" oraz "Bajek Robotów" Stanisław Lem
72%
G Trener, twórca największych sukcesów polskiej kadry piłkarskiej. Powiadał, że "Piłka jest okrągła a bramki sa dwie". Kazimierz Górski
68%
D Polski polityk i mąż stanu, założyciel Endecji. Syganatariusz Traktatu Wersalskiego Roman Dmowski
68%
P Kompozytor, a zarazem Minister Spraw Zagranicznych, którego przyjazd do Poznania, dał impuls do wybuchu Powstania Wielkopolskiego. Ignacy Jan Paderewski
66%
B Jeden z najwybitniejszych polskich aktorów dwudziestolecia międzywojennego. Zginął w sowieckim łagrze. Eugeniusz Bodo
47%
H Gdański astronom i twórca najdokładniejszych na owe czasy przyrządów obserwacyjnych. Jan Heweliusz
41%
E Polski działacz polityczny żydowskiego pochodzenia. Przywódca powstania w Getcie Warszawskim. Kawaler Orderu Orła Białego. Marek Edelman
39%
A Polski geograf i badacz polarny, którego nazwiskiem nazwano jedyną aktualnie funkcjonująca stację badawczą na Antarktydzie. Henryk Arctowski
26%
O Legenda polskiej estrady okresu międzywojennego. Do jej najbardziej znanego repertuaru należy m.in. "Miłość Ci wszystko wybaczy". Hanka Ordonówna
24%
Z Badacz językowy, znany na świecie jako twórca języka esperanto Ludwik Zamenhof
24%
U Polski as myśliwski i generał brygady. Dowódca dywizjonu 303 w trakcie "Bitwy o Anglię". Ps. "Kobra" Witold Urbanowicz
16%
F Biolog i biochemik, jako pierwszy dokładnie zbadał i opisał witaminy. Kazimierz Funk
12%
I Polska XX-wieczna poetka i pisarka. Autorka wierszy i opowiadań m.in.o Józefie Piłsudskim. Kazimiera Iłłakowiczówna
10%
Nie znaleziono quizów pasujących do podanych kryteriów
Rozkład punktacji
Procent ludzi z każdym wynikiem
Percentyl według liczby udzielonych odpowiedzi
Twoja historia wyników
Nie rozwiązałeś tego quizu